Представление документа в формате MARC21

Поле Инд. ПП Название Значение
Тип записи a
Библиографический уровень b
001 Контрольный номер RU/IS/BASE/293211307
005 Дата корректировки 20220715140328.9
008 Кодируемые данные 20090416
040 b Код языка каталог. rus
e Правила каталог. PSBO
041 0_ a Код языка текста rus
084 a Индекс другой классификации/Индекс ББК 66.49; 66.4(0)
100 1_ a Автор Зиновский Ю. Г.
q Полное имя Зиновский Юрий Геннадьевич
245 10 a Заглавие Роль многосторонней дипломатии в совершенствовании миротворческой деятельности
504 a Библиография Библиогр. ссылки. - Примеч.
650 14 a Основная рубрика дипломатия
a Основная рубрика международные отношения
a Основная рубрика политика
653 a Ключевые слова миротворческая деятельность
a Ключевые слова миротворчество
773 08 t Заглавие источника Вестник Московского университета. Серия 18, Социология и политология
d Дата издания источника 2008
g Прочая информация № 4. - С. 128 - 131 : табл.
w Контрольный № источника RU/IS/BASE/292076337
901 t Тип документа b